[Event "4NCL Division One"]
[Site "Milton Keynes, ENG"]
[Date "2023.04.29"]
[Round "9.41"]
[White "Chow, Samuel"]
[Black "Gormally, Daniel W"]
[Result "1/2-1/2"]
[WhiteElo "2393"]
[BlackElo "2434"]
[PlyCount "48"]
[EventDate "2023.04.29"]
[WhiteTeam "Chessable White Rose 2"]
[BlackTeam "Blackthorne"]

1. d4 d5 2. c4 c6 3. Nc3 Nf6 4. e3 a6 5. Nf3 Bf5 6. Nh4 Bg6 7. Qb3 Ra7 8. Bd2
e6 9. Nxg6 hxg6 10. h3 Nbd7 11. O-O-O dxc4 12. Bxc4 b5 13. Be2 c5 14. Kb1 c4
15. Qc2 Rc7 16. a3 b4 17. axb4 Bxb4 18. Bf3 O-O 19. Na2 Bxd2 20. Qxd2 Qb8 21.
Qa5 Nd5 22. Bxd5 exd5 23. Rd2 Nf6 24. Rc1 Re8 1/2-1/2

[Event "4NCL Division One"]
[Site "Milton Keynes, ENG"]
[Date "2023.04.29"]
[Round "9.42"]
[White "Ansell, Simon T"]
[Black "Weller, Jean-Luc"]
[Result "1/2-1/2"]
[WhiteElo "2436"]
[BlackElo "2224"]
[PlyCount "37"]
[EventDate "2023.04.29"]
[WhiteTeam "Blackthorne"]
[BlackTeam "Chessable White Rose 2"]

1. e4 e6 2. d4 d5 3. e5 c5 4. c3 Qb6 5. Nf3 Bd7 6. Be2 cxd4 7. cxd4 Bb5 8. Nc3
Bxe2 9. Nxe2 Ne7 10. O-O Nec6 11. b3 Nd7 12. Bb2 a5 13. Rb1 Be7 14. h4 h6 15.
h5 O-O 16. Nf4 Rfc8 17. a3 Na7 18. Qd3 Qb5 19. Rfc1 1/2-1/2

[Event "4NCL Division One"]
[Site "Milton Keynes, ENG"]
[Date "2023.04.29"]
[Round "9.43"]
[White "Townsend, M Paul"]
[Black "Bates, Richard A"]
[Result "1/2-1/2"]
[WhiteElo "2217"]
[BlackElo "2344"]
[PlyCount "42"]
[EventDate "2023.04.29"]
[WhiteTeam "Chessable White Rose 2"]
[BlackTeam "Blackthorne"]

1. Nf3 Nf6 2. c4 g6 3. Nc3 Bg7 4. e4 d6 5. d4 O-O 6. Be2 e5 7. O-O Na6 8. Be3
Qe8 9. dxe5 dxe5 10. a3 Ng4 11. Bc1 f5 12. exf5 gxf5 13. Nh4 Nf6 14. Qc2 e4 15.
f3 Qe5 16. Kh1 Bd7 17. g3 Rae8 18. Bf4 Qe7 19. Bg5 Qe5 20. Bf4 Qe7 21. Bg5 Qe5
1/2-1/2

[Event "4NCL Division One"]
[Site "Milton Keynes, ENG"]
[Date "2023.04.29"]
[Round "9.44"]
[White "Ledger, Andrew J"]
[Black "Keetman, Maaike"]
[Result "0-1"]
[WhiteElo "2337"]
[BlackElo "2129"]
[PlyCount "68"]
[EventDate "2023.04.29"]
[WhiteTeam "Blackthorne"]
[BlackTeam "Chessable White Rose 2"]

1. Nf3 d5 2. g3 Nf6 3. Bg2 c5 4. O-O e6 5. d4 cxd4 6. Nxd4 e5 7. Nb3 Be6 8. Bg5
Nbd7 9. e4 dxe4 10. Nc3 Be7 11. Nxe4 Nxe4 12. Bxe7 Qxe7 13. Bxe4 Rb8 14. Re1
O-O 15. Bg2 Rfd8 16. Qe2 Qb4 17. Qe4 Qxe4 18. Bxe4 b6 19. Rad1 Bg4 20. f3 Be6
21. Bd5 Bf5 22. c4 Rbc8 23. Rd2 Kf8 24. g4 Bg6 25. Kf2 f6 26. f4 Bf7 27. Kf3
Bxd5+ 28. cxd5 Rc4 29. Re4 Rdc8 30. d6 Kf7 31. h3 Rxe4 32. Kxe4 Rc4+ 33. Kd5 b5
34. fxe5 Nb6# 0-1

[Event "4NCL Division One"]
[Site "Milton Keynes, ENG"]
[Date "2023.04.29"]
[Round "9.45"]
[White "Wall, Tim P"]
[Black "Duncan, Chris R"]
[Result "0-1"]
[WhiteElo "2205"]
[BlackElo "2254"]
[PlyCount "80"]
[EventDate "2023.04.29"]
[WhiteTeam "Chessable White Rose 2"]
[BlackTeam "Blackthorne"]

1. b3 e5 2. Bb2 Nc6 3. c4 Nf6 4. e3 Be7 5. Nf3 e4 6. Nd4 O-O 7. Be2 d5 8. Nxc6
bxc6 9. O-O Be6 10. Nc3 Rb8 11. Rb1 Qd6 12. cxd5 cxd5 13. d3 exd3 14. Qxd3 Rfd8
15. Nb5 Qd7 16. Nd4 c5 17. Nxe6 Qxe6 18. Qc2 Rd7 19. Bd3 Ne4 20. f3 Nf6 21.
Rfe1 Qb6 22. Kh1 h6 23. Bf5 Rdd8 24. e4 d4 25. e5 Nd5 26. e6 Ne3 27. Qe4 fxe6
28. Bxe6+ Kh8 29. Rxe3 dxe3 30. Qxe3 Bg5 31. f4 Bxf4 32. Qxf4 Qxe6 33. Qg3 Qf7
34. h3 Kh7 35. Rc1 Rbc8 36. Rc4 Rc6 37. Rf4 Qc7 38. Qf3 Rg6 39. h4 Qd6 40. h5
Rg5 0-1

[Event "4NCL Division One"]
[Site "Milton Keynes, ENG"]
[Date "2023.04.29"]
[Round "9.46"]
[White "Ledger, Dave J"]
[Black "Chan, Sheng Liang Bernard"]
[Result "1/2-1/2"]
[WhiteElo "2279"]
[BlackElo "2184"]
[PlyCount "148"]
[EventDate "2023.04.29"]
[WhiteTeam "Blackthorne"]
[BlackTeam "Chessable White Rose 2"]

1. e4 e5 2. Nf3 Nf6 3. Nc3 Nc6 4. d4 exd4 5. Nxd4 Bb4 6. Nxc6 bxc6 7. Bd3 d5 8.
exd5 O-O 9. O-O cxd5 10. Bg5 c6 11. Qf3 Rb8 12. Ne2 Bd6 13. Bxf6 Qxf6 14. Qxf6
gxf6 15. b3 Re8 16. Rad1 Bg4 17. f3 Be6 18. Ng3 Bxg3 19. hxg3 c5 20. Rfe1 a5
21. g4 Red8 22. Kf2 c4 23. bxc4 dxc4 24. Be4 Rxd1 25. Rxd1 Rb2 26. Ra1 c3 27.
Ke3 Bxa2 28. Kd4 a4 29. Kxc3 a3 30. Rh1 Rb8 31. Ra1 Rb2 32. Bf5 h6 33. Rd1 Rb8
34. Rd6 Bb1 35. Ra6 a2 36. Be4 Kg7 37. Ra7 Rb5 38. Kd4 Rb4+ 39. c4 Bxe4 40.
fxe4 Rb2 41. c5 Kf8 42. Kc3 Rxg2 43. c6 Rg1 44. c7 Rc1+ 45. Kd4 Rxc7 46. Rxa2
Rc1 47. Ke3 Kg7 48. Kf4 Rf1+ 49. Kg3 Kg6 50. Ra5 Rh1 51. Kf4 Rb1 52. Rc5 Rb8
53. Ra5 Re8 54. Rh5 Re5 55. Rf5 Re6 56. Rh5 Re7 57. Rh1 Re5 58. Rh2 Ra5 59. Rh1
Ra2 60. Rh5 Rf2+ 61. Kg3 Rf1 62. Ra5 Rh1 63. Kf4 Kg7 64. Rb5 Rf1+ 65. Kg3 Kf8
66. Rh5 Kg7 67. Rb5 Ra1 68. Kf4 Ra7 69. Rc5 Re7 70. Rh5 Kg6 71. Rh1 Re5 72. Rh2
Rc5 73. Rh1 Rb5 74. Rh2 Rc5 1/2-1/2

[Event "4NCL Division One"]
[Site "Milton Keynes, ENG"]
[Date "2023.04.29"]
[Round "9.47"]
[White "Kisteneva, Liza"]
[Black "Nelson, Jonathan P"]
[Result "1/2-1/2"]
[WhiteElo "2065"]
[BlackElo "2256"]
[PlyCount "42"]
[EventDate "2023.04.29"]
[WhiteTeam "Chessable White Rose 2"]
[BlackTeam "Blackthorne"]

1. e4 d6 2. d4 Nf6 3. Nc3 e5 4. dxe5 dxe5 5. Qxd8+ Kxd8 6. Bc4 Be6 7. Bxe6 fxe6
8. Bg5 Bd6 9. Nge2 h6 10. Bxf6+ gxf6 11. O-O-O Ke7 12. Rhf1 Nc6 13. g3 Rad8 14.
f4 Bc5 15. f5 Rxd1+ 16. Nxd1 Nd4 17. Nxd4 Bxd4 18. c3 Bb6 19. Kd2 Rg8 20. fxe6
Rg4 21. Ne3 Bxe3+ 1/2-1/2

[Event "4NCL Division One"]
[Site "Milton Keynes, ENG"]
[Date "2023.04.29"]
[Round "9.48"]
[White "Varney, Zoe"]
[Black "Walton, Alan J"]
[Result "1-0"]
[WhiteElo "2089"]
[BlackElo "2149"]
[PlyCount "65"]
[EventDate "2023.04.29"]
[WhiteTeam "Blackthorne"]
[BlackTeam "Chessable White Rose 2"]

1. e4 e6 2. d4 d5 3. Nc3 Nf6 4. e5 Nfd7 5. Nce2 c5 6. c3 b5 7. Nf3 Nc6 8. Nf4
c4 9. h4 h6 10. h5 Nb6 11. Nh4 Kd7 12. b3 Kc7 13. Nf3 Be7 14. a4 bxa4 15. bxc4
dxc4 16. Rxa4 Bg5 17. Bxc4 Nxa4 18. Qxa4 Bxf4 19. Bxf4 Bb7 20. O-O Ne7 21. Rb1
Nd5 22. Bc1 Nb6 23. Qa5 Qd7 24. Bb5 Qd5 25. Ba3 Kc8 26. Bc5 Rd8 27. c4 Nxc4 28.
Qc3 Qe4 29. Re1 Qg4 30. Qxc4 Bd5 31. Qc3 Kb7 32. Rb1 Bxf3 33. Be2+ 1-0

[Event "4NCL Division One"]
[Site "Milton Keynes, ENG"]
[Date "2023.04.29"]
[Round "9.51"]
[White "Murphy, Conor E"]
[Black "Willow, Jonah B"]
[Result "1-0"]
[WhiteElo "2450"]
[BlackElo "2468"]
[PlyCount "77"]
[EventDate "2023.04.29"]
[WhiteTeam "Cambridge University 1"]
[BlackTeam "Wood Green Youth"]

1. e4 c5 2. Nf3 e6 3. d4 cxd4 4. Nxd4 Nf6 5. Bd3 Nc6 6. Nxc6 bxc6 7. Bf4 d5 8.
Nd2 Bb4 9. c3 Be7 10. O-O Qa5 11. c4 O-O 12. e5 Nd7 13. Re1 Rd8 14. Qg4 Nf8 15.
h4 f5 16. exf6 Bxf6 17. Nb3 Qb4 18. Be5 Qe7 19. Nd4 Bd7 20. h5 h6 21. Re2 Bxe5
22. Rxe5 Rab8 23. b3 a5 24. Rae1 a4 25. Qg3 axb3 26. axb3 Qd6 27. Qh4 c5 28.
Nc2 Bc6 29. cxd5 exd5 30. R5e3 Rd7 31. Bf5 Rf7 32. Be6 Nxe6 33. Rxe6 Qc7 34.
Ne3 d4 35. Ng4 Bd7 36. Rxh6 gxh6 37. Nxh6+ Kf8 38. Nxf7 Be8 39. Ng5 1-0

[Event "4NCL Division One"]
[Site "Milton Keynes, ENG"]
[Date "2023.04.29"]
[Round "9.52"]
[White "Royal, Shreyas"]
[Black "Bisby, Daniel L"]
[Result "1-0"]
[WhiteElo "2438"]
[BlackElo "2283"]
[PlyCount "71"]
[EventDate "2023.04.29"]
[WhiteTeam "Wood Green Youth"]
[BlackTeam "Cambridge University 1"]

1. d4 Nf6 2. c4 g6 3. Nc3 Bg7 4. e4 d6 5. h3 O-O 6. Be3 e5 7. d5 Na6 8. g4 Nc5
9. f3 a5 10. Qd2 c6 11. Nge2 cxd5 12. cxd5 a4 13. Ng3 Bd7 14. h4 Qa5 15. h5 a3
16. b4 Qxb4 17. Rb1 Qa5 18. h6 Bh8 19. Nf5 gxf5 20. Bxc5 f4 21. Bxd6 Rfc8 22.
Bb4 Qd8 23. Bd3 Ne8 24. g5 Nc7 25. d6 Ne6 26. Nd5 Nxg5 27. Qg2 f6 28. Kd2 Be6
29. Ne7+ Kf7 30. Nxc8 Rxc8 31. Qf2 f5 32. Rbc1 fxe4 33. fxe4 Bg4 34. Rxc8 Qxc8
35. Qc5 Qe6 36. Qc4 1-0

[Event "4NCL Division One"]
[Site "Milton Keynes, ENG"]
[Date "2023.04.29"]
[Round "9.53"]
[White "Gallagher, Daniel GH"]
[Black "Fernandez, Daniel Howard"]
[Result "0-1"]
[WhiteElo "2214"]
[BlackElo "2512"]
[PlyCount "40"]
[EventDate "2023.04.29"]
[WhiteTeam "Cambridge University 1"]
[BlackTeam "Wood Green Youth"]

1. e4 e5 2. Nf3 Nc6 3. Bc4 Bc5 4. c3 Nf6 5. d4 exd4 6. e5 d5 7. Bb5 Ne4 8. cxd4
Bb4+ 9. Nbd2 Bd7 10. Qa4 Qe7 11. O-O a6 12. Nxe4 dxe4 13. Bg5 f6 14. e6 O-O 15.
Bc4 Bxe6 16. Bxe6+ Qxe6 17. Bd2 exf3 18. Bxb4 Qg4 19. g3 Kh8 20. Kh1 Qxd4 0-1

[Event "4NCL Division One"]
[Site "Milton Keynes, ENG"]
[Date "2023.04.29"]
[Round "9.54"]
[White "Czopor, Maciej"]
[Black "McClement, Andrew"]
[Result "0-1"]
[WhiteElo "2403"]
[BlackElo "2232"]
[PlyCount "86"]
[EventDate "2023.04.29"]
[WhiteTeam "Wood Green Youth"]
[BlackTeam "Cambridge University 1"]

1. e4 c5 2. Nf3 d6 3. d4 cxd4 4. Nxd4 Nf6 5. Nc3 e6 6. Be2 a6 7. O-O Be7 8. Be3
Qc7 9. f4 b5 10. Bf3 Bb7 11. e5 dxe5 12. Bxb7 Qxb7 13. fxe5 Nfd7 14. Qg4 g6 15.
Qf4 O-O 16. Rf3 Nc6 17. Qh6 Ncxe5 18. Rh3 Nf6 19. Bg5 Neg4 20. Qh4 h5 21. Rf1
Qb6 22. Rf4 Rfd8 23. Nce2 e5 24. Rxg4 Nxg4 25. Bxe7 Rd7 26. b4 exd4 27. Bc5 Qe6
28. Nf4 Qxa2 29. Rf3 Qb1+ 30. Rf1 Qxc2 31. h3 Ne3 32. Rf2 Qb1+ 33. Kh2 Qf5 34.
Ne2 Qe5+ 35. Kg1 d3 36. Nd4 Re8 37. Rd2 Nf5 38. Nxf5 Qxf5 39. Bf2 Re2 40. Rxe2
dxe2 41. Kh2 Qe5+ 42. Kg1 g5 43. Qxh5 Rd1+ 0-1

[Event "4NCL Division One"]
[Site "Milton Keynes, ENG"]
[Date "2023.04.29"]
[Round "9.55"]
[White "Hill, Alistair"]
[Black "Yao, Lan"]
[Result "1-0"]
[WhiteElo "2171"]
[BlackElo "2278"]
[PlyCount "151"]
[EventDate "2023.04.29"]
[WhiteTeam "Cambridge University 1"]
[BlackTeam "Wood Green Youth"]

1. d4 Nf6 2. c4 e6 3. Nf3 b6 4. g3 Bb7 5. Bg2 Be7 6. O-O O-O 7. Re1 a5 8. Nc3
Ne4 9. Qc2 Nxc3 10. bxc3 f5 11. d5 Na6 12. e4 fxe4 13. Rxe4 Qe8 14. Re2 Nc5 15.
Bf4 d6 16. dxe6 Qh5 17. Ne1 Ba6 18. Bd5 Rac8 19. Rd1 g5 20. Be3 c6 21. Bxc5
bxc5 22. Be4 Bxc4 23. Bd3 Bxd3 24. Qxd3 Rf6 25. Rb1 Re8 26. Rb6 g4 27. Rxc6
Ref8 28. Ng2 Rh6 29. Nh4 Qg5 30. Qe3 Qxe3 31. Rxe3 Rhf6 32. Re2 Re8 33. Ng2 Bf8
34. Nf4 Bh6 35. Rxd6 Bxf4 36. gxf4 Rxf4 37. Re5 Kf8 38. Rxc5 Ke7 39. Ra6 a4 40.
Rc7+ Kf8 41. Rxh7 Kg8 42. Rha7 a3 43. Ra4 Rxa4 44. Rxa4 Rxe6 45. Rxg4+ Kf7 46.
Ra4 Re2 47. Rxa3 Rc2 48. Kg2 Kf6 49. Kf3 Kf5 50. h4 Kg6 51. Ke3 Kh5 52. f3 Kxh4
53. Kd3 Rf2 54. Ke4 Kg5 55. c4 Kf6 56. Kd5 Ke7 57. Kc6 Kd8 58. c5 Rf1 59. Rb3
Ra1 60. a3 Kc8 61. f4 Rf1 62. Rb4 Ra1 63. a4 Ra2 64. Kb6 Re2 65. a5 Kb8 66. a6
Ka8 67. c6 Ra2 68. f5 Rxa6+ 69. Kc7 Ra7+ 70. Kd6 Ra1 71. f6 Rd1+ 72. Ke7 Re1+
73. Kf8 Rc1 74. f7 Rxc6 75. Kg7 Rc7 76. Kg8 1-0

[Event "4NCL Division One"]
[Site "Milton Keynes, ENG"]
[Date "2023.04.29"]
[Round "9.56"]
[White "Hunt, Harriet V"]
[Black "Robertson, J Stuart"]
[Result "1/2-1/2"]
[WhiteElo "2346"]
[BlackElo "2160"]
[PlyCount "118"]
[EventDate "2023.04.29"]
[WhiteTeam "Wood Green Youth"]
[BlackTeam "Cambridge University 1"]

1. e4 c5 2. Nf3 Nc6 3. Bb5 Nf6 4. Bxc6 dxc6 5. d3 Bg4 6. Nbd2 Nd7 7. h3 Bh5 8.
Nf1 f6 9. Ng3 Bf7 10. Qe2 e5 11. O-O Qc7 12. a3 h5 13. Nh4 g6 14. f4 Bd6 15. f5
g5 16. Ng6 Rh7 17. Nxh5 c4 18. Be3 cxd3 19. cxd3 O-O-O 20. b4 Kb8 21. Rfc1 Rg8
22. b5 c5 23. a4 Qd8 24. a5 Nf8 25. b6 a6 26. Ra4 Nxg6 27. fxg6 Bxg6 28. Ng3
Be8 29. Rac4 Bf7 30. R4c3 Be6 31. Qf2 g4 32. h4 Rxh4 33. Bxc5 Bxc5 34. Qxc5 Rh7
35. Rd1 Rd7 36. Kf2 Rh8 37. Qe3 Qe7 38. d4 exd4 39. Rxd4 Rxd4 40. Qxd4 Rd8 41.
Qe3 Qd6 42. Ne2 Qe5 43. Rc5 Qd6 44. Nf4 Bf7 45. Rc7 Be8 46. Nd5 f5 47. Qg3
Qxg3+ 48. Kxg3 fxe4 49. Nf6 e3 50. Re7 Bc6 51. Nxg4 Rg8 52. Kf4 Bxg2 53. Nxe3
Bc6 54. Nf5 Rf8 55. Kg5 Rg8+ 56. Kf6 Rf8+ 57. Kg6 Re8 58. Kf7 Rxe7+ 59. Nxe7
Be4 1/2-1/2

[Event "4NCL Division One"]
[Site "Milton Keynes, ENG"]
[Date "2023.04.29"]
[Round "9.57"]
[White "Starley, Robert"]
[Black "Durak, Can"]
[Result "0-1"]
[WhiteElo "2079"]
[BlackElo "2301"]
[PlyCount "70"]
[EventDate "2023.04.29"]
[WhiteTeam "Cambridge University 1"]
[BlackTeam "Wood Green Youth"]

1. e4 e5 2. Nf3 Nc6 3. Bb5 a6 4. Ba4 Nf6 5. Nc3 Bc5 6. O-O d6 7. d4 exd4 8.
Nxd4 Bd7 9. Nxc6 Bxc6 10. Bxc6+ bxc6 11. Bg5 h6 12. Bh4 O-O 13. Qd3 Re8 14.
Rfe1 g5 15. Bg3 Nh5 16. Rad1 Qe7 17. Na4 Ba7 18. Qc3 Qf6 19. Qd2 Re6 20. Nc3
Nxg3 21. hxg3 Rae8 22. Rf1 Qe5 23. Qd3 Qa5 24. g4 Qb6 25. b3 Rf6 26. Na4 Qb5
27. g3 Qe5 28. Nc3 h5 29. gxh5 g4 30. Ne2 Rf3 31. Qxa6 Rxg3+ 32. Nxg3 Qxg3+ 33.
Kh1 Qh3+ 34. Kg1 g3 35. Qxa7 Qh2# 0-1

[Event "4NCL Division One"]
[Site "Milton Keynes, ENG"]
[Date "2023.04.29"]
[Round "9.58"]
[White "Kalaiyalahan, Akshaya"]
[Black "Sivanandan, Bodhana"]
[Result "1-0"]
[WhiteElo "2202"]
[BlackElo "1967"]
[PlyCount "107"]
[EventDate "2023.04.29"]
[WhiteTeam "Wood Green Youth"]
[BlackTeam "Cambridge University 1"]

1. Nf3 d5 2. e3 Nf6 3. b3 g6 4. Bb2 Bg7 5. c4 c6 6. d4 O-O 7. Nbd2 e6 8. Bd3
Nbd7 9. O-O b6 10. e4 dxe4 11. Nxe4 Nxe4 12. Bxe4 Bb7 13. Qe2 Qc7 14. Rad1 Rfe8
15. Rfe1 Rad8 16. h3 c5 17. Bxb7 Qxb7 18. dxc5 Bxb2 19. c6 Qxc6 20. Qxb2 Nc5
21. Ne5 Qc7 22. Ng4 e5 23. Nf6+ Kg7 24. Nxe8+ Rxe8 25. Rd5 f6 26. Red1 Re7 27.
Qd2 a5 28. Rd8 Re6 29. Qd5 e4 30. Qxe6 Nxe6 31. R8d7+ Kf8 32. Rxc7 Nxc7 33. Rd6
f5 34. Rxb6 Ke7 35. Rb7 Kd6 36. Ra7 Ne6 37. Rxa5 Nf4 38. Kf1 Nd3 39. Rd5+ Kc6
40. Rxd3 exd3 41. Ke1 Kc5 42. Kd2 Kd4 43. a4 g5 44. a5 Kc5 45. Kxd3 h5 46. b4+
Kxb4 47. a6 g4 48. a7 h4 49. a8=Q gxh3 50. gxh3 f4 51. Qc6 Ka3 52. Kc3 Ka2 53.
Qb5 Ka3 54. Qb3# 1-0

[Event "4NCL Division One"]
[Site "Milton Keynes, ENG"]
[Date "2023.04.29"]
[Round "9.61"]
[White "Rudd, Jack"]
[Black "Sarakauskas, Gediminas"]
[Result "0-1"]
[WhiteElo "2294"]
[BlackElo "2388"]
[PlyCount "52"]
[EventDate "2023.04.29"]
[WhiteTeam "West is Best 1"]
[BlackTeam "Gonzaga"]

1. d4 e6 2. e4 d5 3. Nd2 c5 4. exd5 Qxd5 5. Ngf3 cxd4 6. Bc4 Qd6 7. O-O Nc6 8.
Nb3 Nf6 9. Nbxd4 Nxd4 10. Nxd4 a6 11. c3 Qc7 12. Qe2 Bd6 13. h3 O-O 14. Bg5 Nd5
15. Bb3 Bf4 16. Bxf4 Nxf4 17. Qe4 b6 18. Qxa8 Bb7 19. Qxf8+ Kxf8 20. g3 Nxh3+
21. Kh2 Qe5 22. Bd1 Nf4 23. Bg4 Qg5 24. f3 Nd3 25. Bh3 Qd2+ 26. Kg1 Qxb2 0-1

[Event "4NCL Division One"]
[Site "Milton Keynes, ENG"]
[Date "2023.04.29"]
[Round "9.62"]
[White "Wall, Gavin"]
[Black "Cooper, John G"]
[Result "1-0"]
[WhiteElo "2298"]
[BlackElo "2250"]
[PlyCount "69"]
[EventDate "2023.04.29"]
[WhiteTeam "Gonzaga"]
[BlackTeam "West is Best 1"]

1. e4 c5 2. Nf3 g6 3. d4 cxd4 4. Qxd4 Nf6 5. Nc3 Nc6 6. Qa4 d6 7. e5 dxe5 8.
Nxe5 Bd7 9. Nxc6 Qb6 10. Qb3 Qxc6 11. Bc4 e6 12. O-O a6 13. Bf4 Be7 14. Be2 Qc8
15. Bh6 Qc7 16. Na4 Bc6 17. Nb6 Rd8 18. Rad1 Qe5 19. Bf3 Rxd1 20. Rxd1 Bxf3 21.
Qxf3 Qh5 22. Qxh5 gxh5 23. Bg7 Rg8 24. Bxf6 Bxf6 25. c3 Bd8 26. Nc8 Bc7 27.
Nd6+ Ke7 28. Nxb7 Rb8 29. Nc5 Rxb2 30. g3 Bd6 31. Nxa6 Rxa2 32. Nb4 Rb2 33.
Nc6+ Kd7 34. Ne5+ Ke7 35. Nc4 1-0

[Event "4NCL Division One"]
[Site "Milton Keynes, ENG"]
[Date "2023.04.29"]
[Round "9.63"]
[White "Rees, Ioan"]
[Black "Delaney, Killian"]
[Result "1-0"]
[WhiteElo "2287"]
[BlackElo "2294"]
[PlyCount "67"]
[EventDate "2023.04.29"]
[WhiteTeam "West is Best 1"]
[BlackTeam "Gonzaga"]

1. d4 d5 2. Nf3 c5 3. c4 cxd4 4. cxd5 Qxd5 5. Nc3 Qa5 6. Nxd4 Nf6 7. g3 e5 8.
Nb3 Qc7 9. Bg2 Bb4 10. O-O Bxc3 11. bxc3 O-O 12. Bb2 Bf5 13. c4 Rd8 14. Bxe5
Qe7 15. Bxf6 Qxf6 16. Qc1 Nc6 17. Qf4 g5 18. Qf3 Qe5 19. Rad1 Bc2 20. Rd5 Rxd5
21. cxd5 Ne7 22. e4 f5 23. exf5 Nxf5 24. Qg4 Nd6 25. Nd4 Bg6 26. Ne6 h6 27. Qb4
Rc8 28. Qa3 Rc3 29. Qxa7 Bd3 30. f4 gxf4 31. gxf4 Qe2 32. Qd4 Nf5 33. Qxc3 Qe3+
34. Rf2 1-0

[Event "4NCL Division One"]
[Site "Milton Keynes, ENG"]
[Date "2023.04.29"]
[Round "9.64"]
[White "Thorarinsson, Pall A."]
[Black "Macfarlane, Donald"]
[Result "1/2-1/2"]
[WhiteElo "2203"]
[BlackElo "2207"]
[PlyCount "38"]
[EventDate "2023.04.29"]
[WhiteTeam "Gonzaga"]
[BlackTeam "West is Best 1"]

1. Nf3 c5 2. c4 b6 3. g3 Bb7 4. Bg2 Nf6 5. O-O e6 6. b3 Be7 7. Bb2 O-O 8. Nc3
d5 9. cxd5 Nxd5 10. Nxd5 Bxd5 11. Rc1 Nd7 12. d3 Rc8 13. Qd2 Bf6 14. Bxf6 Qxf6
15. Rc2 Ne5 16. Nxe5 Qxe5 17. Rfc1 Bxg2 18. Kxg2 Qd5+ 19. Kg1 a5 1/2-1/2

[Event "4NCL Division One"]
[Site "Milton Keynes, ENG"]
[Date "2023.04.29"]
[Round "9.65"]
[White "Jones, Steven A"]
[Black "Delaney, John"]
[Result "1-0"]
[WhiteElo "2127"]
[BlackElo "2230"]
[PlyCount "81"]
[EventDate "2023.04.29"]
[WhiteTeam "West is Best 1"]
[BlackTeam "Gonzaga"]

1. e4 c5 2. Nf3 Nc6 3. d4 cxd4 4. Nxd4 Nf6 5. Nc3 e5 6. Ndb5 d6 7. Bg5 a6 8.
Na3 b5 9. Bxf6 gxf6 10. Nd5 f5 11. Bd3 Be6 12. O-O Bg7 13. Qh5 f4 14. c4 bxc4
15. Nxc4 O-O 16. g3 f5 17. gxf4 Bxd5 18. exd5 Nd4 19. Kh1 e4 20. Be2 Rf6 21.
Rg1 Rb8 22. Rad1 Nxe2 23. Qxe2 Rh6 24. Rg5 Qf6 25. Rdg1 Rg6 26. Qh5 Rxg5 27.
Qxg5 Qxg5 28. Rxg5 h6 29. Rg6 a5 30. b3 a4 31. Nxd6 Kh7 32. Re6 axb3 33. axb3
Bd4 34. Kg2 Rg8+ 35. Kf1 Bc5 36. Nxf5 Rf8 37. Rxh6+ Kg8 38. Rh5 Rb8 39. d6 Bb4
40. Ne7+ Kf7 41. Nc6 1-0

[Event "4NCL Division One"]
[Site "Milton Keynes, ENG"]
[Date "2023.04.29"]
[Round "9.66"]
[White "Freeman, Gordon"]
[Black "Blackburn, Jonathan L B"]
[Result "1/2-1/2"]
[WhiteElo "2222"]
[BlackElo "2162"]
[PlyCount "107"]
[EventDate "2023.04.29"]
[WhiteTeam "Gonzaga"]
[BlackTeam "West is Best 1"]

1. d4 Nf6 2. Nf3 g6 3. g3 Bg7 4. Bg2 c5 5. O-O cxd4 6. Nxd4 h5 7. e4 d6 8. h3
Bd7 9. Nc3 Qc8 10. Kh2 h4 11. g4 Nxg4+ 12. hxg4 Bxg4 13. Qd3 Nd7 14. f4 Nc5 15.
Qb5+ Bd7 16. Qc4 Nxe4 17. Qxc8+ Rxc8 18. Bxe4 Bxd4 19. Bxb7 Rc7 20. Be4 Bxc3
21. bxc3 Rxc3 22. Bd3 Rh5 23. Rg1 Bb5 24. Bd2 Rc8 25. Rgc1 Rd5 26. Bxb5+ Rxb5
27. Be3 a6 28. a4 Rb2 29. Ra3 Rcxc2+ 30. Rxc2 Rxc2+ 31. Kh3 e5 32. Kxh4 f6 33.
fxe5 dxe5 34. Rb3 Rc4+ 35. Kg3 Rxa4 36. Rb7 f5 37. Bc5 Rc4 38. Re7+ Kd8 39.
Rxe5 Kd7 40. Bf8 Rg4+ 41. Kf3 Kc6 42. Bh6 Rd4 43. Re6+ Rd6 44. Rxd6+ Kxd6 45.
Bd2 Ke5 46. Bc3+ Kd5 47. Kf4 Kc4 48. Bd2 Kd3 49. Ba5 Kd4 50. Bc7 Kd5 51. Ba5
Kc4 52. Bd2 Kb5 53. Kg5 Kc4 54. Kf4 1/2-1/2

[Event "4NCL Division One"]
[Site "Milton Keynes, ENG"]
[Date "2023.04.29"]
[Round "9.67"]
[White "Zeidler, Sven P."]
[Black "Murray, David"]
[Result "0-1"]
[WhiteElo "2113"]
[BlackElo "2129"]
[PlyCount "42"]
[EventDate "2023.04.29"]
[WhiteTeam "West is Best 1"]
[BlackTeam "Gonzaga"]

1. e4 e5 2. Nf3 Nc6 3. c3 Nf6 4. d4 Nxe4 5. d5 Bc5 6. dxc6 Bxf2+ 7. Ke2 Bb6 8.
Qd5 Nf2 9. Rg1 O-O 10. cxb7 Bxb7 11. Qxb7 Qf6 12. Qa6 Qf5 13. Qa4 Nd3 14. Rh1
e4 15. Nbd2 exf3+ 16. gxf3 Rfe8+ 17. Ne4 Nc5 18. Qc2 Nxe4 19. fxe4 Rxe4+ 20.
Kd2 Qf2+ 21. Kd3 Qf3+ 0-1

[Event "4NCL Division One"]
[Site "Milton Keynes, ENG"]
[Date "2023.04.29"]
[Round "9.68"]
[White "Putar, Lara"]
[Black "O'Gorman, Alice"]
[Result "1-0"]
[WhiteElo "1861"]
[BlackElo "2046"]
[PlyCount "101"]
[EventDate "2023.04.29"]
[WhiteTeam "Gonzaga"]
[BlackTeam "West is Best 1"]

1. d4 d5 2. c4 e6 3. Nf3 c6 4. b3 Bd6 5. e3 Nf6 6. Bd3 dxc4 7. bxc4 c5 8. O-O
cxd4 9. exd4 O-O 10. Nc3 a6 11. Bg5 Nbd7 12. Qe2 Qc7 13. Ne4 Be7 14. Ne5 Nxe5
15. Bf4 Nxe4 16. Qxe4 f5 17. Qxe5 Qxe5 18. Bxe5 Rd8 19. Rfd1 Bd7 20. Bc7 Rdc8
21. Bb6 Bd8 22. Bxd8 Rxd8 23. a4 g6 24. a5 Rac8 25. Rd2 Be8 26. Be2 Rd6 27. Rb1
Bc6 28. c5 Rd7 29. Bc4 Kf7 30. Re1 Bd5 31. Bxd5 Rxd5 32. Red1 e5 33. dxe5 Rxd2
34. Rxd2 Rxc5 35. f4 Rxa5 36. Rd7+ Kg8 37. Rxb7 g5 38. e6 Kf8 39. fxg5 Re5 40.
Rxh7 Rxe6 41. Ra7 Kg8 42. Kf2 Re4 43. Rxa6 Rf4+ 44. Kg1 Rg4 45. Rg6+ Kh7 46.
Rh6+ Kg7 47. h4 f4 48. Kf2 Rg3 49. Rf6 Rg4 50. Kf3 Rxh4 51. Rh6 1-0

﻿

[Event "4NCL Division Two"]
[Site "Daventry, ENG"]
[Date "2022.10.22"]
[Round "1.11"]
[White "Davies, Nigel R"]
[Black "Taylor, Adam A"]
[Result "1-0"]
[WhiteElo "2409"]
[BlackElo "2265"]
[PlyCount "79"]
[EventDate "2022.10.22"]
[WhiteTeam "The ADs"]
[BlackTeam "North East England"]

1. g3 g6 2. Bg2 Bg7 3. d4 d5 4. Nf3 Nf6 5. O-O O-O 6. c4 c6 7. b3 a5 8. Nc3 Ne4 9. Bb2 Bf5 10. e3 Nd7 11. Qe2 Nxc3 12. Bxc3 Be4 13. Rfc1 e6 14. Bf1 g5 15. Nd2 Bg6 16. e4 Qb6 17. Qe3 h6 18. Bg2 Rae8 19. Re1 f5 20. exd5 exd5 21. Qd3 Nf6 22. cxd5 cxd5 23. Re5 Rxe5 24. dxe5 Ne4 25. Bd4 Qb4 26. Rd1 Kh7 27. a3 Qxa3 28. e6 Bxd4 29. Qxd4 Qe7 30. Nxe4 fxe4 31. Qxd5 Rf6 32. Bh3 Be8 33. Qxe4+ Kg7 34. Qe5 a4 35. bxa4 Bxa4 36. Ra1 Bc6 37. Ra8 Bf3 38. Rc8 Kg6 39. Rc7 Qb4 40. e7 1-0

[Event "4NCL Division Two"]
[Site "Daventry, ENG"]
[Date "2022.10.22"]
[Round "1.12"]
[White "Turner, Max N"]
[Black "Richardson, John R"]
[Result "0-1"]
[WhiteElo "2257"]
[BlackElo "2251"]
[PlyCount "114"]
[EventDate "2022.10.22"]
[WhiteTeam "North East England"]
[BlackTeam "The ADs"]

1. d4 Nf6 2. c4 e6 3. Nc3 Bb4 4. e3 O-O 5. Bd3 d5 6. Nge2 dxc4 7. Bxc4 a6 8. a3 Be7 9. b4 a5 10. b5 c5 11. bxc6 bxc6 12. O-O Ba6 13. Bxa6 Nxa6 14. e4 c5 15. Be3 Rc8 16. d5 exd5 17. exd5 Nc7 18. Qa4 Ncxd5 19. Rfd1 Nxc3 20. Nxc3 Qc7 21. Rab1 Qe5 22. Qc4 Rfd8 23. Rdc1 Bd6 24. Qh4 h6 25. Nb5 Bb8 26. Re1 Qf5 27. h3 Rd5 28. Qc4 Re8 29. Nc3 Rde5 30. Rb5 Bd6 31. Rd1 Rxe3 32. fxe3 Rxe3 33. Rb7 Ne8 34. Nd5 Re4 35. Qc3 Re2 36. Qf3 Qe5 37. Rxf7 Qh2+ 38. Kf1 Re6 39. Rd7 Nf6 40. Ne3 Be7 41. Nf5 Bf8 42. Ng3 c4 43. Rd8 Re7 44. Kf2 Rf7 45. Ke2 Re7+ 46. Kd2 Qxg3 47. Qxg3 Ne4+ 48. Kc2 Nxg3 49. Rc8 Nf5 50. Rdd8 Rf7 51. Kc3 Ne3 52. g4 g5 53. Re8 Rf3 54. a4 Nd5+ 55. Kd4 Nb6 56. Rb8 Rd3+ 57. Ke4 Nd7 0-1